June Birthdays - Statistics

General Stats
  • This quiz has been taken 134 times
    106 since last reset
  • The average score is 18 of 30
Answer Stats
# Hint Person % Correct
7 Sang "Purple Rain," "When Doves Cry," "Little Red Corvette," and "Kiss." Prince
88%
9 Star of Pirates of the Caribbean, Edward Scissorhands, and Sweeney Todd. Johnny Depp
85%
12 Jewish Holocaust victim whose diary describes her family's evasion of the Nazis. Anne Frank
82%
21 The eldest son of Prince Charles and Princess Diana. Prince William
81%
4 Starred in Girl, Interrupted, Maleficent, and Lara Croft: Tomb Raider. Angelina Jolie
80%
1 Icon and sex symbol who starred in classic comedies such as Some Like It Hot. Marilyn Monroe
80%
18 Singer-songwriter and bass player for The Beatles. Paul McCartney
77%
14 Real estate developer and former President of the United States. Donald Trump
74%
10 Movie icon who played Dorothy in The Wizard of Oz. Judy Garland
74%
25 Pop singer who fronted the band Wham! with Andrew Ridgeley. George Michael
71%
8 Rapper with hits like "Gold Digger," "Stronger," and "Black Skinhead." Kanye West
70%
30 Olympic swimmer who has won a total of 28 medals. Michael Phelps
70%
2 The first First Lady of the United States. Martha Washington
68%
13 Twins who starred on Full House, sharing the role of Michelle Tanner. Mary-Kate & Ashley Olsen
68%
22 Actress who was nominated for an Academy Award more than 20 times. Meryl Streep
61%
27 American woman who, though deaf and blind, became a women's suffragist and leftist political activist. Helen Keller
60%
20 Starred in The Hours, Moulin Rouge!, and Aquaman. Nicole Kidman
56%
24 Star soccer forward who gained world fame while playing with FC Barcelona. Lionel Messi
54%
23 German blacksmith who invented the first printing press in Europe. Johannes Gutenberg
51%
5 Rapper and actor who starred in Boogie Nights, Ted," and The Departed. Mark Wahlberg
51%
16 One of the more notable figures in the 1990's East Coast - West Coast hip hop rivalry. Tupac Shakur
51%
26 Singer with hits "Thank U, Next," "7 Rings," and "Dangerous Woman." Ariana Grande
50%
28 Second monarch of the Tudor dynasty who separated the Church of England from the Roman Catholic Church. Henry VIII
46%
15 Rapper-turned-actor who first gained fame as a member of the legendary rap group N.W.A. Ice Cube
45%
3 Openly gay investigative reporter on CNN. Anderson Cooper
43%
19 New York Yankees player who died from a disease known as ALS. Lou Gehrig
39%
11 Legendary San Francisco 49ers quarterback who led the team to four Super Bowl victories. Joe Montana
30%
6 Actor who played Freddy Krueger in the original A Nightmare on Elm Street. Robert Englund
23%
29 Starred in Point Break, Lethal Weapon, and The Buddy Holly Story. Gary Busey
19%
17 Republican Speaker of the House from 1995 to 1999. Newt Gingrich
19%
No matching quizzes found
Score Distribution
Percent of People with Each Score
Percentile by Number Answered
Your Score History
You have not taken this quiz since the last reset